Πνευματική ιδιοκτησία και νέες τεχνολογίες : η σχέση χρήστη-δημιουργού
Αποθηκεύτηκε σε:
| Κύριος συγγραφέας: | |
|---|---|
| Μορφή: | Βιβλίο |
| Γλώσσα: | Greek |
| Δημοσίευση: |
Αθήνα :
Σάκκουλα,
2008.
|
| Σειρά: | Σύγχρονα θέματα εμπορικού δικαίου ;
35 |
| Θέματα: | |
| Ετικέτες: |
Προσθήκη ετικέτας
Δεν υπάρχουν, Καταχωρήστε ετικέτα πρώτοι!
|
MARC
| LEADER | 00000cam a2200000 i 4500 | ||
|---|---|---|---|
| 001 | 1/12771 | ||
| 008 | 110404s2008 gr | ||| |||| ||gre|| | ||
| 020 | |a 9789604452811 | ||
| 035 | |l 10109914 | ||
| 040 | |a GR-MyUa |b gre |e AACR2 | ||
| 041 | 0 | |a gre | |
| 082 | 7 | |a 346.0482 |2 (22) | |
| 100 | 1 | |a Συνοδινού, Τατιάνα-Ελένη. | |
| 245 | 1 | 0 | |a Πνευματική ιδιοκτησία και νέες τεχνολογίες : |b η σχέση χρήστη-δημιουργού / |c Τατιάνα-Ελένη Συνοδινού ; πρόλογος Λάμπρος Κοτσίρης. |
| 260 | |a Αθήνα : |b Σάκκουλα, |c 2008. | ||
| 300 | |a xvii, 365 σ. ; |c 24 εκ. | ||
| 490 | 1 | |a (Σύγχρονα θέματα εμπορικού δικαίου ; |v 35) | |
| 504 | |a Βιβλιογραφία: σ. [339]-362. Ευρετήριο. | ||
| 650 | 0 | |a Copyright |x Law and legislation |z Greece. | |
| 830 | 0 | |a Σύγχρονα θέματα εμπορικού δικαίου ; |v 35 | |
| 852 | |a INST |b RHODES |c EUDOXUS |e 20160405 |h 346.0482 ΣΥΝ |p 005400038307 |q 005400038307 |t EDX |y 0 | ||
| 852 | |a INST |b SYROS |e 20110404 |h 346.0482 ΣΥΝ |p 005500009235 |q 005500009235 |t BK |y 0 | ||
| 901 | |a BIBL5-2011-1 | ||
| 920 | |a Εύδοξος |b Παραγγελία |y Ρόδος-ΠΤΔΕ |z 2016-04 | ||
| 922 | |a 5ΕΛΗ |b 201011 |c Βιβλιοθήκη Σύρου |d Π. Ιωαννίδου | ||
| 970 | |a Κοντού |b Παρασκευή |z 2011/04/04 | ||